Statistics for All Perfect Powers Between 0 and 1000

Click here to take the quiz!

General Stats

  • This quiz has been taken 438 times
    (437 since last reset)
  • The average score is 29 of 40

Answer Stats

HintAnswer% Correct
1any integer1
100%
224
98%
238
97%
329
96%
42, 2416
94%
5225
93%
6236
91%
102100
90%
82, 43, 2664
90%
7249
89%
9281
88%
3327
87%
2532
87%
112121
84%
122144
82%
132169
80%
53125
79%
162, 44, 28256
78%
152225
76%
27128
74%
142196
74%
202400
68%
83, 29512
68%
252, 54625
66%
63216
65%
35243
61%
272, 93, 36729
61%
172289
59%
182324
58%
302900
58%
73343
57%
212441
57%
192361
56%
222484
54%
232529
49%
242576
47%
262676
44%
312961
44%
292841
42%
282784
41%

Score Distribution

Percentile by Number Answered

Percent of People with Each Score

Your Score History

You have not taken this quiz since the last reset